Bioquímica

Guardat en:
Dades bibliogràfiques
Autor principal: Bohinski, Robert C (Autor)
Format: Llibre
Idioma:espanyol
Publicat: Bogotá Fondo Educativo Interamericano 1978
Matèries:
Etiquetes: Afegir etiqueta
Sense etiquetes, Sigues el primer a etiquetar aquest registre!

MARC

LEADER 00000nam a2200000 a 4500
001 UCT4073
003 CL-VaPUC
008 961108e19780000CK |||||||||||||||||spa|d
082 0 4 |a 572  |b BOH  |2 21 
100 0 |a Bohinski, Robert C  |e author  |9 373176 
245 1 0 |a Bioquímica 
300 |a 667 p 
942 |c BK 
945 |d 19961108 00:00:00  |a lriquelm 
260 |a Bogotá  |b Fondo Educativo Interamericano  |c 1978 
650 0 |a Bioquímica   |9 259492 
650 0 |a Aminoácidos   |9 259616 
650 7 |a PROTEINAS  |2 CL-VaPUC  |9 373177 
650 0 |a Enzimas  |9 262984 
650 0 |a Lípidos   |9 306890 
650 0 |a Hidratos de carbono  |9 360963 
650 0 |a Fotosíntesis  |9 261610 
650 7 |a BIOSINTESIS  |2 CL-VaPUC  |9 269567 
583 |a last modification  |c 19961108 00:00:00  |k Rodrigo Vera 
999 |c 253520  |d 253518